Music Quiz

Random Music or Song Quiz

Name dubstep artist by name of the song Quiz Stats

 Plays Quiz not verified by Sporcle

Challenge
Share
Tweet
Embed
Score 0/9 Timer 10:00
0 Plays Today
song artist % Correct
rock n roll (will take you to the mountain)skrillex
95.3%
twin atlanticskrillex
95.3%
bassheadbassnectar
62.7%
hold medelta heavy
10.8%
hello?going quantum
9.1%
tottaly radicalhalo nova
3.4%
lemon faceafk
2.2%
robot eaterprime machines
0.7%
motzartesottera
0.5%

You're not logged in!

Compare scores with friends on all Sporcle quizzes.
Join for Free
OR
Log In

You Might Also Like...

Show Comments

Extras

Created Nov 18, 2011ReportNominate
Tags:Artist Quiz, Song Quiz, dubstep

Top Quizzes Today


Score Distribution

Your Account Isn't Verified!

In order to create a playlist on Sporcle, you need to verify the email address you used during registration. Go to your Sporcle Settings to finish the process.

Report this User

Report this user for behavior that violates our Community Guidelines.

Details: